000 00470nam a2200169Ia 4500
003 GCL
008 140319s9999 xx 000 0 eng d
040 _aGCL /
_cGCL
082 0 4 _a953.5
_bA U
100 1 _aABDULLAH, MUHAMMAD MORSY
245 1 0 _aTHE UNITED ARAB EMIRATES: A MODERN HISTORY /
_cABDULLAH, MUHAMMAD MORSY
260 _a[S.N] :
_bCROOM HELM ،
_c1978
300 _a365
650 0 4 _aHISTORY
650 0 4 _aUNITED ARAB EMIRATES - HISTORY
942 _2ddc
_cBK
999 _c14974
_d14974